000 00565nam a2200217Ia 4500
003 OSt
005 20220928135637.0
006 a|||||r|||| 00| 0
007 ta
008 220927b |||||||| |||| 00| 0 eng d
024 _a4288
037 _cTextual
040 _aSDCL
_cSDCL
_beng
041 _2eng
_aeng
082 _aO-,1N07:g, K3
100 _aSpears Monroe K
_9492414
245 0 _aPoetry of W H Auden
_b The disenchanted Island
260 _c1963
942 _hO-,1N07:g, K3
_cTEXL
_2CC
999 _c807986
_d807986